00833cam a22002531 4500001001300000003000400013005001700017008004100034010001700075035002000092040001700112042001200129050001700141100002300158245003400181260009000215300002100305500004900326500006800375650004800443740003300491752003800524999001700562he 65001470 DLC20260227111434.0840406s1965 nyu 000 0 heb  ahe 65001470  a(OCoLC)19158825 aDLCcMHdDLC apremarc00aBM658.2b.G71 aOrenstein, Walter.10aSheliaḥ tsibur ba-halakhah. aNew York :bHistadrut ha-ḥazanim de-Ameriḳah, Yeshivah Universiṭah,c725 [1965] a167 p. ;c24 cm. aAdded t.p.: The cantor's manual of halakhah. aHebrew and English; "Liḳuṭim (p. [111]-167) in Hebrew only. 0aCantors (Judaism)vHandbooks, manuals, etc.0 aCantor's manual of halakhah. aUnited StatesbNew YorkdNew York c31381d31381